[Event "Berlin Lichtenberger op 18th"]
[Site "Berlin"]
[Date "2019.08.24"]
[Round "8"]
[White "Kirves, Martin"]
[Black "Hoffbauer, Joerg"]
[Result "0-1"]
[WhiteElo "1498"]
[BlackElo "1773"]
[PlyCount "46"]
[EventDate "2019.08.17"]
[EventType "swiss"]
[EventRounds "9"]
[EventCountry "GER"]
[SourceTitle "EXT 2020"]
[Source "ChessBase"]
[SourceDate "2019.10.17"]
[SourceVersion "1"]
[SourceVersionDate "2019.10.17"]
[SourceQuality "1"]

1. d4 e6 2. e4 b6 3. c4 Bb7 4. Bd3 Bb4+ 5. Bd2 Bxd2+ 6. Nxd2 f5 7. Ngf3 fxe4 8. Bxe4 Nc6 9. Ne5 Nf6 10. Bf3 Rb8 11. Bh5+ g6 12. Nxc6 dxc6 13. Bf3 Qxd4 14. 0-0 0-0 15. Re1 Rfe8 16. Qc2 Qf4 17. Rad1 Rbd8 18. Ne4 Nd7 19. c5 Ne5 20. Be2 Rd5 21. g3 Nf3+ 22. Bxf3 Qxf3 23. Re3 Rxd1+ 0-1

[Event "Berlin Lichtenberger op 18th"]
[Site "Berlin"]
[Date "2019.08.22"]
[Round "6"]
[White "Fock, Sana"]
[Black "Kirves, Martin"]
[Result "1-0"]
[WhiteElo "1800"]
[BlackElo "1498"]
[PlyCount "51"]
[EventDate "2019.08.17"]
[EventType "swiss"]
[EventRounds "9"]
[EventCountry "GER"]
[SourceTitle "EXT 2020"]
[Source "ChessBase"]
[SourceDate "2019.10.17"]
[SourceVersion "1"]
[SourceVersionDate "2019.10.17"]
[SourceQuality "1"]

1. e4 e6 2. d4 d5 3. Nd2 Nf6 4. e5 Nfd7 5. Bd3 c5 6. c3 Nc6 7. Ne2 cxd4 8. cxd4 f6 9. exf6 Nxf6 10. 0-0 Bd6 11. Nf3 0-0 12. Bf4 Bxf4 13. Nxf4 Qd6 14. g3 Ng4 15. h3 e5 16. dxe5 Ngxe5 17. Nxe5 Nxe5 18. Bc2 d4 19. Bb3+ Kh8 20. Re1 d3 21. Qh5 Bf5 22. Rxe5 Qxe5 23. Ng6+ Bxg6 24. Qxe5 d2 25. Rd1 Rfe8 26. Qc3 1-0

[Event "Berlin Eckbauer op 21st"]
[Site "Berlin"]
[Date "2018.10.15"]
[Round "2"]
[White "Kirves, Martin"]
[Black "Wuesthoff, Ralf"]
[Result "1/2-1/2"]
[WhiteElo "1631"]
[BlackElo "1631"]
[PlyCount "69"]
[EventDate "2018.10.08"]
[EventType "swiss"]
[EventRounds "7"]
[EventCountry "GER"]
[SourceTitle "CBM 189 Extra"]
[Source "ChessBase"]
[SourceDate "2019.06.03"]
[SourceVersion "1"]
[SourceVersionDate "2019.06.03"]
[SourceQuality "1"]

1. d4 f5 2. Nc3 Nf6 3. Bg5 g6 4. h4 h6 5. Bxf6 exf6 6. e3 d5 7. Bd3 Be6 8. g4 Qd7 9. h5 g5 10. gxf5 Bxf5 11. e4 dxe4 12. Nxe4 Bxe4 13. Bxe4 Nc6 14. Bg6+ Kd8 15. Ne2 Bd6 16. Qd2 Ne7 17. 0-0-0 c6 18. Kb1 Kc7 19. f4 Nxg6 20. hxg6 Rag8 21. fxg5 fxg5 22. Qd3 Qe6 23. d5 Qxg6 24. Qc3 c5 25. Nd4 Kb8 26. Ne6 Rc8 27. Qa3 Rh7 28. Qa4 Rf7 29. Rhf1 Qh5 30. a3 Qe2 31. Rfe1 Qg2 32. Rh1 Qe2 33. Rhe1 Qh2 34. Rh1 Qe2 35. Rhe1 1/2-1/2